W jakim państwie znajduje się ... - Statystyki

Ogólne statystyki
  • Ten quiz został rozwiązany 670 razy
  • Średni wynik to 6 z 10
Statystyki odpowiedzi
Hint Odpowiedź % Poprawnych
Statua Wolności Stany Zjednoczone
95%
Kreml Rosja
93%
Pałac Apostolski Watykan
77%
Latarnia morska na Faros Egipt
74%
Świątynia Artemidy w Efezie Turcja
63%
Zakazane Miasto Chiny
61%
Kilimandżaro Tanzania
51%
Wiszące ogrody Semiramidy Irak
50%
Alhambra Hiszpania
46%
Petra Jordania
38%
Nie znaleziono quizów pasujących do podanych kryteriów
Rozkład punktacji
Procent ludzi z każdym wynikiem
Percentyl według liczby udzielonych odpowiedzi
Twoja historia wyników
Nie rozwiązałeś tego quizu